Click Quiz: Match Italian Cities to Regions - Statistics

General Stats
  • This quiz has been taken 41 times
  • The average score is 13 of 17
Answer Stats
Hint Answer % Correct
Cagliari Sardinia
90%
Palermo Sicily
90%
Rome Lazio
86%
Genoa Liguria
86%
Turin Piedmont
86%
Milan Lombardy
83%
Pisa Tuscany
83%
Naples Campania
79%
Venice Veneto
79%
Bari Apulia
76%
Bologna Emilia-Romagna
76%
Trieste Friuli-Venezia Giulia
72%
Bolzano Trentino-South Tyrol
69%
Pescara Abruzzo
66%
Potenza Basilicata
66%
Reggio Calabria
66%
Assisi Umbria
59%
No matching quizzes found
Score Distribution
Percent of People with Each Score
Percentile by Number Answered
Your Score History
You have not taken this quiz